UNDERTALE characters - Statistics

General Stats
  • This quiz has been taken 287 times
  • The average score is 42 of 79
Answer Stats
Hint Answer % Correct
Ruins Toriel
97%
Hard Mode Toriel
97%
Introduction Flowey
95%
New Home Photoshop Flowey
95%
Snowdin Sans
92%
New Home Sans
92%
Snowdin Papyrus
89%
New Home Asgore
88%
Human Frisk
87%
Human Chara
86%
New Home Asriel
85%
Waterfall Undyne
84%
CORE Final Froggit
82%
Hard Mode Final Froggit
82%
Ruins Froggit
81%
Hard Mode Froggit
81%
Hotland Mettaton
80%
Hard Mode End Annoying Dog
77%
Hotland Alphys
76%
Snowdin Lesser Dog
73%
Ruins Napstablook
73%
Hard Mode Napstablook
73%
Snowdin Greater Dog
72%
Wingdings W. D. Gaster
71%
Waterfall Mad Dummy
66%
Waterfall Glad Dummy
61%
Waterfall Temmie
60%
Ruins Dummy
59%
Hard Mode Dummy
59%
Waterfall Monster Kid
58%
CORE Mettaton EX
55%
Ruins Whimsun
54%
Waterfall Aaron
52%
CORE Mettaton NEO
52%
Hotland Muffet
52%
Snowdin Snowdrake
52%
Snowdin Dogamy
48%
Waterfall Undyne the Undying
48%
Ruins Vegetoid
48%
Snowdin Dogaressa
47%
Snowdin Jerry
46%
Hotland Tsunderplane
46%
Snowdin Ice Cap
45%
Ruins Moldsmal
45%
Waterfall Moldsmal
45%
Asriel Fight Phase 2 Lost Soul
43%
Asriel Fight Phase 2 Lost Soul
43%
Asriel Fight Phase 2 Lost Soul
43%
Asriel Fight Phase 2 Lost Soul
43%
Asriel Fight Phase 2 Lost Soul
43%
Asriel Fight Phase 2 Lost Soul
43%
CORE Knight Knight
41%
Ruins Loox
41%
Waterfall Woshua
41%
Snowdin Doggo
39%
Snowdin Chilldrake
38%
True Lab Lemon Bread
38%
Hotland Vulkin
36%
True Lab Reaper Bird
34%
CORE Madjick
33%
True Lab Memory Head
33%
Waterfall Shyren
33%
Snowdin Glyde
32%
Hotland So Sorry
32%
CORE Whimsalot
32%
Hard Mode Whimsalot
32%
Ruins Migosp
31%
Hotland Pyrope
31%
CORE Astigmatism
30%
Hard Mode Astigmatism
30%
True Lab Endogeny
29%
Hotland Royal Guards
28%
Snowdin Mad Mew Mew
27%
Waterfall Moldbygg
27%
Snowdin Gyftrot
26%
True Lab Snowdrake's Mother
22%
Hard Mode Parsnik
19%
Hard Mode Migospel
17%
Hard Mode Moldessa
17%
No matching quizzes found
Score Distribution
Percent of People with Each Score
Percentile by Number Answered
Your Score History
You have not taken this quiz